000 00866nam a2200205Ia 4500
001 1790
003 GE_BSU
008 181216s||||||||xx |||||||||||||| ||und||
040 _cGE_BSU
080 _a32(479.22)+32(479.2)
245 _aBalkanistic Forum. Бaлканистичен форум 1. Тема на броя Болгария и Грузия:Политики кьм мюсюлманите
260 _aБлагоевград
260 _bНеофит Рилски
260 _c2010
300 _a332стр. 23см.
520 _aეზღვნება პროფ. როლანდ კომახოძის ხსოვნას
541 _h12л.
653 _aBalkanistic Forum. Балканистичен форум 1. Тема на броя Болгария и Грузия:Политики кьм мьюсюлманите
942 _cBK
999 _c35897
_d35897